Loading...
| Literature - American Literature | 0 | 6 | 1 | 1 | 55 | 85 | 124.00 | 0 | 1 |
| Literature - European Literature | 0 | 3 | 0 | 0 | 30 | 94 | 128.00 | 0 | 0 |
| Religion | 0 | 3 | 0 | 1 | 30 | 110 | 130.33 | 0 | 0 |
| Science - Other Science | 0 | 2 | 0 | 2 | 20 | 129 | 131.50 | 0 | 0 |
| Mythology | 0 | 1 | 0 | 0 | 10 | 120 | 120.00 | 0 | 0 |
| History - Other History | 0 | 1 | 0 | 1 | 10 | 150 | 150.00 | 0 | 0 |
| Science - Physics | 0 | 1 | 0 | 0 | 10 | 128 | 128.00 | 0 | 0 |
| History - World History | 0 | 1 | 0 | 0 | 10 | 136 | 136.00 | 0 | 0 |
| Literature - British Literature | 0 | 2 | 2 | 0 | 10 | 124 | 132.50 | 0 | 0 |
| Literature - World Literature | 0 | 1 | 1 | 1 | 5 | 140 | 140.00 | 0 | 0 |
| Social Science | 0 | 0 | 0 | 0 | 0 | 0.00 | 0 | 0 | |
| Geography | 0 | 0 | 0 | 0 | 0 | 0.00 | 0 | 0 | |
| Philosophy | 0 | 0 | 0 | 0 | 0 | 0.00 | 0 | 0 | |
| Fine Arts - Painting & Sculpture | 0 | 0 | 0 | 0 | 0 | 0.00 | 0 | 0 |